[Event "quick players"]
[Site "SchemingMind.com"]
[Date "2012.10.11"]
[Round "-"]
[White "fouche"]
[Black "lennart"]
[Result "1-0"]
[WhiteCountry "COL"]
[BlackCountry "SWE"]
[WhiteElo "1608"]
[WhiteRD "65"]
[BlackElo "1490"]
[BlackRD "55"]
[GameID "319071"]

1. e4 e5 2. Nf3 Nc6 3. Bc4 h6 4. O-O d6 5. Re1 a6 6. c3 Nf6 7. d4 Bg4 8. Be3 b5 9. dxe5 bxc4 10. exf6 Qxf6
11. Nbd2 Na5 12. Qa4+ Bd7 13. Qxa5 Qd8 14. Nxc4 Be7 15. Rad1 O-O 16. Ncd2 Qb8 17. b4 Rc8 18. Nd4 Bf6 19. N2f3 c5 20. bxc5 Rxc5
21. Qa3 Rc4 22. Rb1 Qe8 23. Rb6 Be7 24. Qb2 a5 25. Nd2 Rcc8 26. Rc1 a4 27. a3 Ra5 28. c4 Bf6 29. Qb4 Raa8 30. Qxd6 Be7
31. Qg3 Bg5 32. Bxg5 hxg5 33. Qxg5 Qf8 34. Nf5 Bxf5 35. exf5 Ra5 36. Ne4 Qd8 37. Nf6+ Kf8 38. Nh7+ Kg8 39. Qxd8+ Rxd8 40. Ng5 Rxf5
41. Nf3 Ra5 42. c5 Rd3 43. c6 Rc5 44. Rcb1 f6 45. h3 Rxa3 46. Nd4 Rd3 47. Ne6
1-0

[Event "quick players"]
[Site "SchemingMind.com"]
[Date "2012.10.11"]
[Round "-"]
[White "Phillip Beckett"]
[Black "lennart"]
[Result "1-0"]
[WhiteCountry "ENG"]
[BlackCountry "SWE"]
[WhiteElo "1618"]
[WhiteRD "48"]
[BlackElo "1502"]
[BlackRD "54"]
[GameID "319072"]

1. e4 e5 2. Nf3 d6 3. d4 Nc6 4. dxe5 dxe5 5. Qxd8+ Nxd8 6. Nxe5 Nf6 7. f3 Ne6 8. Be3 h6 9. c3 Bd6 10. Nd3 Nd7
11. Nd2 b6 12. O-O-O c5 13. Nc4 Be7 14. Nde5 Nxe5 15. Nxe5 Bg5 16. Bxg5 hxg5 17. Bb5+ Ke7 18. Nc6+ Kf6 19. e5+ Kg6 20. Bd3+ Kh6
21. h4 g6 22. hxg5+ Kg7 23. Be4 Nxg5 24. Rxh8 Kxh8 25. Rd8+ Kg7 26. Bd5 Bb7 27. Rxa8 Bxa8 28. Ne7 Bxd5 29. Nxd5 Ne6 30. Kd2 g5
31. g3 Kg6 32. Ke3 Kh5 33. b3 b5 34. a3 a5 35. f4 Kg4 36. Nf6+ Kxg3 37. fxg5 Kh4 38. Ne4 Kg4 39. b4 cxb4 40. cxb4 axb4
41. axb4 Nd8 42. Nd6 Nc6 43. Nxf7 Ne7 44. Nd6 Nd5+ 45. Kd4 Ne7 46. Nxb5 Nc6+ 47. Kc5 Nxe5 48. Nd6 Kxg5 49. b5 Nd7+ 50. Kc6 Ne5+
51. Kc7 Kf6 52. b6 Ke7 53. b7 Nd7 54. Nc8+
1-0

[Event "quick players"]
[Site "SchemingMind.com"]
[Date "2012.10.11"]
[Round "-"]
[White "The Capitalist"]
[Black "lennart"]
[Result "0-1"]
[WhiteCountry "USA"]
[BlackCountry "SWE"]
[WhiteElo "1454"]
[WhiteRD "71"]
[BlackElo "1502"]
[BlackRD "54"]
[GameID "319073"]

1. e4 e5 2. Nf3 Nc6 3. Bb5 Nf6 4. O-O Nxe4 5. d4 Nd6 6. Bxc6 dxc6 7. dxe5 Nf5 8. Qxd8+ Kxd8 9. Nc3 h6 10. h3 Bc5
11. g4 Ne7 12. Rd1+ Bd7
0-1

[Event "quick players"]
[Site "SchemingMind.com"]
[Date "2012.10.11"]
[Round "-"]
[White "Ricsige"]
[Black "lennart"]
[Result "1-0"]
[WhiteCountry "AHO"]
[BlackCountry "SWE"]
[WhiteElo "1424"]
[WhiteRD "66"]
[BlackElo "1490"]
[BlackRD "55"]
[GameID "319074"]

1. d4 Nf6 2. c4 d5 3. cxd5 Nxd5 4. e4 Nf6 5. Nc3 a6 6. Nf3 e6 7. Bg5 h6 8. Bh4 g5 9. Bg3 h5 10. h3 h4
11. Bh2 Bb4 12. Bd3 Bxc3+ 13. bxc3 Rg8 14. Ne5 Nbd7 15. Qf3 Nxe5 16. Bxe5 Nd7 17. Bh2 Nf8 18. O-O e5 19. d5 g4 20. hxg4 Bxg4
21. Qe3 Qd6 22. Be2 Qg6 23. Bxg4 Qxg4 24. g3 O-O-O 25. f3 Qh3 26. g4 Nd7 27. Qf2 Nf6 28. Qg2 Qxg2+ 29. Kxg2 Rde8 30. Bg1 Rh8
31. Kh3 Reg8 32. Bf2 Rg7 33. Rh1 Nh7 34. Kg2 Nf8 35. Rxh4 Rhg8 36. Rah1 Ng6 37. Rh7 Nf4+ 38. Kg3 Ne2+ 39. Kg2 Nxc3 40. Rxg7 Rxg7
41. Rh8+ Kd7 42. Rb8 b6 43. Ra8 a5 44. Ra7 Nxa2 45. Bxb6
1-0

[Event "quick players"]
[Site "SchemingMind.com"]
[Date "2012.10.11"]
[Round "-"]
[White "ray winteringham"]
[Black "lennart"]
[Result "0-1"]
[WhiteCountry "ENG"]
[BlackCountry "SWE"]
[WhiteElo "1496"]
[WhiteRD "50"]
[BlackElo "1502"]
[BlackRD "54"]
[GameID "319075"]

1. e4 e5 2. Nf3 Nc6 3. Bb5 Nce7 4. Nxe5 c6 5. Ba4 d6 6. Nf3 Bg4 7. d3 b5 8. Bb3 h6 9. h3 Bd7 10. O-O Ng6
11. Be3 c5 12. Bd5 Rb8 13. c3 Nf6 14. c4 b4 15. a3 b3 16. Nc3 Be7 17. d4 a6 18. Nd2 O-O 19. Nxb3 Qb6 20. Nc1 Qxb2
21. N1a2 Qxa3 22. Qc1 Qxc1 23. Rfxc1 a5 24. Rcb1 a4 25. Nc1 Nxd5 26. Nxd5 Bf6 27. Nxf6+ gxf6 28. dxc5 Kh7 29. cxd6 Rbe8 30. f3 Ne5
31. c5 Rg8 32. Kf2 f5 33. f4 Nc4 34. e5 Bc6 35. g3 h5 36. Ne2 h4 37. gxh4 Rg2+ 38. Ke1 Nxe3 39. Rc1 Rh2 40. Nd4 Rg8
41. Ne2 Rgg2 42. Ra2 Bb5 43. c6 Rxe2+
0-1

[Event "quick players"]
[Site "SchemingMind.com"]
[Date "2012.10.17"]
[Round "-"]
[White "Odinson"]
[Black "Steven DuCharme"]
[Result "1-0"]
[WhiteCountry "USA"]
[BlackCountry "USA"]
[WhiteElo "1678"]
[WhiteRD "66"]
[BlackElo "1520"]
[BlackRD "55"]
[GameID "319326"]

1. e4 c6 2. d4 d5 3. e5 Bf5 4. f4 h6 5. Nf3 e6 6. Bd3 Bxd3 7. Qxd3 Nd7 8. O-O g6 9. c4 Ne7 10. c5 Nf5
11. Nc3 Nh4 12. g3 Nxf3+ 13. Qxf3 Be7 14. Nd1 h5 15. Ne3 b6 16. b4 Rh7 17. a4 g5 18. fxg5 Bxg5 19. h4 Bxe3+ 20. Bxe3 Qe7
21. Bg5 Qf8 22. g4 hxg4 23. Qxg4 Qg8 24. Kg2 Qg6 25. Rf4
1-0

[Event "quick players"]
[Site "SchemingMind.com"]
[Date "2012.10.17"]
[Round "-"]
[White "Odinson"]
[Black "fouche"]
[Result "0-1"]
[WhiteCountry "USA"]
[BlackCountry "COL"]
[WhiteElo "1678"]
[WhiteRD "66"]
[BlackElo "1608"]
[BlackRD "65"]
[GameID "319327"]

1. e4 e6 2. d4 d5 3. e5 c5 4. c3 Nc6 5. Bb5 Bd7 6. Na3 cxd4 7. Bxc6 bxc6 8. cxd4 c5 9. Ne2 cxd4 10. Nxd4 Ne7
11. O-O Nc6 12. f4 Nxd4 13. Qxd4 Rc8 14. Kh1 Bc5 15. Qd3 O-O 16. Nc2 Rb8 17. b3 Bb5 18. Qf3 Bxf1 19. Qxf1 Qb6 20. h3 Bd4
21. Nxd4 Qxd4 22. Ba3 Rfc8 23. Bd6 Rb6 24. Rc1 Rxc1 25. Qxc1 h6 26. Bc5 Rc6 27. Bxd4 Rxc1+ 28. Kh2 Rc2 29. a3 a5 30. a4 Rd2
31. Bc3 Rd3 32. Bxa5 Rxb3 33. Bd2 Rb2 34. Be1 Ra2 35. a5 Ra4 36. g3 Kf8 37. Kg2 Ke8 38. Kf3 Kd7 39. Ke3 Kc6 40. Kd3 Kb5
41. h4 Ra3+ 42. Kd4 h5 43. f5 Ra4+ 44. Kd3 exf5 45. Bc3 Re4 46. Kd2 d4 47. Bb2 Kxa5 48. Kd3 Rxe5 49. Bxd4 Rd5 50. Ke3 g6
51. Bf6 Kb5 52. Kf4 Kc6 53. Kg5 Kd6 54. Bc3 Ke6 55. Be1 Rd4 56. Kh6 Rg4 57. Kg7 f4 58. gxf4 Rxf4 59. Kh6 Kf5 60. Kg7 Kg4
61. Kh6 Kh3 62. Kg5 Rg4+ 63. Kf6 Rxh4 64. Kxf7 Rg4 65. Kf6 Kg2 66. Bd2 h4 67. Ba5 h3
0-1

[Event "quick players"]
[Site "SchemingMind.com"]
[Date "2012.10.17"]
[Round "-"]
[White "Odinson"]
[Black "Phillip Beckett"]
[Result "0-1"]
[WhiteCountry "USA"]
[BlackCountry "ENG"]
[WhiteElo "1674"]
[WhiteRD "74"]
[BlackElo "1618"]
[BlackRD "48"]
[GameID "319328"]

1. e4 e5 2. f4 Qh4+ 3. g3 Qe7 4. f5 d5 5. d3 dxe4 6. dxe4 Nf6 7. Nc3 Nc6 8. Bb5 Bd7 9. Nf3 O-O-O 10. O-O a6
11. Ba4 Bxf5 12. exf5 Rxd1 13. Rxd1 Qc5+ 14. Kh1 Bd6 15. Bb3 Nd4 16. Nxd4 exd4 17. Na4 Qc6+ 18. Kg1 d3 19. Rxd3 Bc5+ 20. Nxc5 Qxc5+
21. Be3 Qe7 22. Re1 Re8 23. Bd2 Qc5+ 24. Be3 Qxf5 25. Bxf7 Re7 26. Bb3 Ng4 27. Rd5 Qf3 28. Bd2 Qf2+ 29. Kh1 Qxh2#
0-1

[Event "quick players"]
[Site "SchemingMind.com"]
[Date "2012.10.17"]
[Round "-"]
[White "Odinson"]
[Black "lennart"]
[Result "0-1"]
[WhiteCountry "USA"]
[BlackCountry "SWE"]
[WhiteElo "1678"]
[WhiteRD "66"]
[BlackElo "1490"]
[BlackRD "55"]
[GameID "319329"]

1. e4 e5 2. f4 exf4 3. Nf3 Nf6 4. e5 Nd5 5. d4 h6 6. Bc4 Nb6 7. Bb3 g5 8. O-O d5 9. Nc3 Bg4 10. Qd3 Nc6
11. Qb5 Be6 12. a3 a6 13. Qe2 h5 14. h3 h4 15. Na4 Nd7 16. Bd2 g4 17. hxg4 Bxg4 18. Qd3 Rg8 19. Bxd5 Qe7 20. Bxf4 Bh3
21. Ng5 Bxg2 22. Bxg2 Bh6 23. Nh3 Bxf4 24. Nxf4 O-O-O 25. c3 Rg4 26. Nh3 Rdg8 27. Rf2 Ncxe5 28. dxe5 Qe6 29. Qc2 Qc6 30. b3 Kb8
31. Kf1 Qe6 32. Re1 Rxg2 33. Rxg2 Qxh3 34. Re2 Qh1+ 35. Kf2 Rxg2+ 36. Ke3 Rg3+ 37. Kd2 h3 38. Qf5 Qd5+ 39. Kc2 Rg2 40. Qf1 Nxe5
41. Nb2 Rxe2+ 42. Qxe2 Qf3 43. Qxe5 Qg2+ 44. Kd3 h2 45. Qe8+ Ka7 46. Qe3+ b6 47. Qf4 Kb7 48. Nc4 h1=Q 49. Ne3 Qg6+
0-1

[Event "quick players"]
[Site "SchemingMind.com"]
[Date "2012.10.17"]
[Round "-"]
[White "Odinson"]
[Black "ray winteringham"]
[Result "1-0"]
[WhiteCountry "USA"]
[BlackCountry "ENG"]
[WhiteElo "1674"]
[WhiteRD "74"]
[BlackElo "1496"]
[BlackRD "50"]
[GameID "319332"]

1. e4 e5 2. f4 exf4 3. Nf3 d6 4. Bc4 Be6 5. Bb3 Qf6 6. O-O g5 7. d4 Qg6 8. Nc3 Nd7 9. h3 a6 10. d5 g4
11. hxg4 Bxg4 12. Bxf4 Bh3 13. Qe2 O-O-O 14. Nh4 Qg7 15. Nf5 Bxf5 16. exf5 Ngf6 17. Qe3 Rg8 18. Qf3 Nh5 19. Rf2 Be7 20. Re2 Bf6
21. Rae1 Bh4 22. Rd1 Ne5 23. Qxh5
1-0

[Event "quick players"]
[Site "SchemingMind.com"]
[Date "2012.10.18"]
[Round "-"]
[White "Steven DuCharme"]
[Black "Odinson"]
[Result "0-1"]
[WhiteCountry "USA"]
[BlackCountry "USA"]
[WhiteElo "1520"]
[WhiteRD "55"]
[BlackElo "1678"]
[BlackRD "66"]
[GameID "319333"]

1. Nf3 f5 2. b3 g6 3. Bb2 Nf6 4. e3 Bg7 5. Be2 O-O 6. O-O d6 7. d3 e5 8. Nbd2 Nc6 9. Re1 Be6 10. Ng5 Bf7
11. a3 h6 12. Nxf7 Rxf7 13. Nf1 a6 14. h3 Rb8 15. Ng3 b5 16. f4 exf4 17. exf4 Nd5 18. Bf3 Nde7 19. Bxg7 Kxg7 20. h4 Nd4
21. c3 Nxf3+ 22. Qxf3 d5 23. d4 Ng8
0-1

[Event "quick players"]
[Site "SchemingMind.com"]
[Date "2012.10.17"]
[Round "-"]
[White "fouche"]
[Black "Odinson"]
[Result "1-0"]
[WhiteCountry "COL"]
[BlackCountry "USA"]
[WhiteElo "1608"]
[WhiteRD "65"]
[BlackElo "1678"]
[BlackRD "66"]
[GameID "319334"]

1. e4 d5 2. exd5 Qxd5 3. d4 Nc6 4. Nf3 Bf5 5. c4 Qe4+ 6. Be2 O-O-O 7. Be3 e6 8. Nc3 Bb4 9. O-O Bxc3 10. bxc3 Nce7
11. Ng5 Qc6 12. Nxf7 Nh6 13. Nxh8 Rxh8 14. Qb3 Ng4 15. Bf3 Qb6 16. d5 Nxe3 17. Qxb6 axb6 18. fxe3 Bd3 19. Rf2 Bxc4 20. dxe6 Bxe6
21. a4 Rd8 22. Rd1 Re8 23. Rfd2 Bb3 24. Ra1 Nc6 25. Bxc6 bxc6 26. Kf2 Re4 27. a5 bxa5 28. Rxa5 Bd5 29. Ra8+ Kb7 30. Rf8 Rc4
31. Rc2 Be4 32. Rc1 g6 33. Rd8 h5 34. Rd4 Rxd4 35. cxd4 Kb6 36. Rc5 Bd5 37. g3 Kb7 38. h3 Kc8 39. g4 hxg4 40. hxg4 Kd7
41. Kg3 g5 42. Rc1 Kd6 43. Rf1 Be4 44. Rf8 c5 45. dxc5+ Kxc5 46. Rg8 Kc4 47. Rxg5 c5 48. Re5 Bh7 49. Kf4 Kb4 50. e4 c4
51. Re7 Bg8 52. Ke3 Kc3 53. Rc7 Be6 54. g5 Kb3 55. g6 c3 56. Kd3
1-0

[Event "quick players"]
[Site "SchemingMind.com"]
[Date "2012.10.17"]
[Round "-"]
[White "Phillip Beckett"]
[Black "Odinson"]
[Result "0-1"]
[WhiteCountry "ENG"]
[BlackCountry "USA"]
[WhiteElo "1626"]
[WhiteRD "49"]
[BlackElo "1678"]
[BlackRD "66"]
[GameID "319335"]

1. e4 d5 2. exd5 Qxd5 3. Nc3 Qa5 4. Nf3 Nf6 5. Be2 Bf5 6. d3 e6 7. Bd2 c6 8. O-O Be7 9. Ne4 Qd8 10. Ng3 Bg6
11. Bc3 O-O 12. Ne5 Nbd7 13. Nxg6 hxg6 14. Ne4 Nxe4 15. dxe4 Nc5 16. f3 Bf6 17. Bxf6 Qxf6 18. c3 Rfd8 19. Qc2 Rd7 20. Rad1 Rad8
21. Rxd7 Rxd7 22. Rd1 Qe7 23. Kf2 Rxd1 24. Qxd1 Qd7 25. Qxd7 Nxd7 26. Ke3= Kf8 27. Kd4 Ke7 28. f4 f6 29. g4 b6 30. b4 e5+
31. fxe5 fxe5+ 32. Ke3 g5 33. a4 Nf8 34. c4 Ng6 35. c5 bxc5 36. bxc5 Nf4 37. Bf1 Ne6 38. Bc4 Nxc5 39. a5 Kd6 40. a6 Kc7
41. Be2 Kb6 42. Kf3 Nxa6 43. Bxa6 Kxa6
0-1

[Event "quick players"]
[Site "SchemingMind.com"]
[Date "2012.10.17"]
[Round "-"]
[White "lennart"]
[Black "Odinson"]
[Result "0-1"]
[WhiteCountry "SWE"]
[BlackCountry "USA"]
[WhiteElo "1490"]
[WhiteRD "55"]
[BlackElo "1678"]
[BlackRD "66"]
[GameID "319336"]

1. e4 d5 2. exd5 Qxd5 3. Nc3 Qa5 4. Nf3 Nf6 5. h3 Bf5 6. a3 e6 7. d3 c6 8. b4 Bxb4 9. Bd2 Bxc3 10. Bxc3 Qxc3+
11. Nd2 Bg6 12. Be2 O-O 13. O-O Na6 14. Nb3 Qe5 15. Nd2 Rad8 16. Nf3 Qc7 17. d4 c5 18. c3 cxd4 19. cxd4 Ne4 20. Ne5 Nc3
21. Qe1 Nxe2+ 22. Qxe2 Rxd4 23. Rac1 Qd8 24. Qf3 Be4 25. Qg3 f6 26. Ng4 e5 27. Ne3 Rd3 28. Qg4 f5 29. Qh5 g6 30. Qh6 Rxa3
31. Rfd1 Qe7 32. Re1 Nb4 33. Rcd1 Nc2 34. Re2 Nxe3 35. Rxe3 Rxe3 36. Qxe3 b6 37. Kh2 Rd8 38. Rg1 Rd3 39. Qc1 Qc5 40. Qg5 Qd6
41. Rc1 Bc6 42. Re1 e4+ 43. Kg1 Rd1 44. Rxd1 Qxd1+ 45. Kh2 Qd5
0-1

[Event "quick players"]
[Site "SchemingMind.com"]
[Date "2012.10.17"]
[Round "-"]
[White "ray winteringham"]
[Black "Odinson"]
[Result "0-1"]
[WhiteCountry "ENG"]
[BlackCountry "USA"]
[WhiteElo "1496"]
[WhiteRD "50"]
[BlackElo "1674"]
[BlackRD "74"]
[GameID "319339"]

1. d4 f5 2. Nf3 g6 3. b4 Bg7 4. Bb2 Nf6 5. c3 d5 6. g3 a6 7. Bg2 c6 8. Nbd2 O-O 9. a4 Nbd7 10. O-O Qe8
11. c4 e5 12. dxe5 Ne4 13. b5 axb5 14. cxb5 Nxd2 15. Qxd2 Nxe5 16. Bxe5 Bxe5 17. Ra2 Bg7 18. Re1 Rf7 19. b6 Re7 20. e3 Bh6
21. Qc3 Bg7 22. Qd3 h6 23. a5 Be6 24. Nd4 Bf7 25. h4 c5 26. Nb5 d4 27. Nd6 Qd7 28. Nb5 Bxa2
0-1

[Event "quick players"]
[Site "SchemingMind.com"]
[Date "2012.10.26"]
[Round "-"]
[White "Marc Wakeham"]
[Black "Steven DuCharme"]
[Result "1-0"]
[WhiteCountry "WLS"]
[BlackCountry "USA"]
[WhiteElo "1633"]
[WhiteRD "60"]
[BlackElo "1520"]
[BlackRD "55"]
[GameID "319872"]

1. e4 c6 2. d4 d5 3. Nc3 dxe4 4. f3 exf3 5. Nxf3 Bg4 6. h3 Bh5 7. g4 Bg6 8. Ne5 Nd7 9. Bf4 Nxe5 10. Bxe5 e6
11. Qd2 f6 12. Bg3 Bd6 13. Bh4 Qc7 14. Ne2 O-O-O 15. O-O-O Ne7 16. Kb1 Be4 17. Bg2 Bxg2 18. Rhg1 Bf3 19. Rgf1 Bxe2 20. Qxe2 e5
21. dxe5 Bxe5 22. Rf3 Rxd1+ 23. Qxd1 Rd8 24. Rd3 Rxd3 25. Qxd3 Bg3 26. Bxg3
1-0

[Event "quick players"]
[Site "SchemingMind.com"]
[Date "2012.10.26"]
[Round "-"]
[White "Marc Wakeham"]
[Black "fouche"]
[Result "0-1"]
[WhiteCountry "WLS"]
[BlackCountry "COL"]
[WhiteElo "1633"]
[WhiteRD "60"]
[BlackElo "1608"]
[BlackRD "65"]
[GameID "319873"]

1. e4 e6 2. d4 d5 3. Nc3 Bb4 4. e5 c5 5. Nf3 Nc6 6. Be3 cxd4 7. Bxd4 Nge7 8. a3 Nxd4 9. Nxd4 Bxc3+ 10. bxc3 Nc6
11. Be2 Nxe5 12. O-O Bd7 13. Re1 O-O 14. Bd3 Nc6 15. Qf3 Rc8 16. Rab1 Qc7 17. Qh3 g6 18. Nf3 e5 19. Qh6 f5 20. Ng5 Be8
21. Rxe5 Nxe5 22. Ne6 Qf7 23. Nxf8 Qxf8 24. Qxf8+ Kxf8
0-1

[Event "quick players"]
[Site "SchemingMind.com"]
[Date "2012.10.25"]
[Round "-"]
[White "Marc Wakeham"]
[Black "Phillip Beckett"]
[Result "0-1"]
[WhiteCountry "WLS"]
[BlackCountry "ENG"]
[WhiteElo "1633"]
[WhiteRD "60"]
[BlackElo "1626"]
[BlackRD "49"]
[GameID "319874"]

1. e4 e5 2. Nf3 Nc6 3. d4 exd4 4. c3 dxc3 5. Nxc3 d6 6. Bc4 Nf6 7. Qb3 Qe7 8. O-O Na5 9. Qa4+ Nc6 10. Bg5 Bd7
11. Qc2 h6 12. Bh4 O-O-O 13. Nd5 Qxe4 14. Qxe4 Nxe4 15. Bxd8 Nxd8 16. Rac1 Nf6 17. Bb3 Nxd5 18. Bxd5 Be6 19. Rfd1 c6 20. Bxe6+ Nxe6
21. Nd2 d5 22. Kf1 Bd6 23. g3 Ng5 24. h4 Ne6 25. Ne4 Bc7 26. Nc5 Bb6 27. Nxe6 fxe6 28. g4 Kd7 29. Kg2 e5 30. Kg3 Ke6
31. f4 exf4+ 32. Kxf4 Rf8+ 33. Kg3 Bc7+ 34. Kg2 Rf4 35. Re1+ Kd7 36. Rc3 Rxg4+ 37. Kh3 h5 38. Re2 Bd8 39. Rg3 Rxh4+ 40. Kg2 g5
41. Rh3 Rg4+ 42. Kf3 Rf4+ 43. Kg2 h4 44. Rf2 Rg4+ 45. Kf1 Bb6 46. Rg2 Rf4+ 47. Ke2 Re4+ 48. Kd3 Rd4+ 49. Kc2 Rc4+ 50. Kb3 Bd8
51. Re2 Be7 52. Ree3 Rb4+ 53. Kc2 Rc4+ 54. Kd3 Bf6 55. b3 Rd4+ 56. Kc2 Rg4 57. Kd3 Rd4+ 58. Kc2 Rf4 59. Kd3 Rd4+ 60. Kc2 g4
61. Rh1 g3 62. Rh3 Rf4 63. Kd3 g2
0-1

[Event "quick players"]
[Site "SchemingMind.com"]
[Date "2012.10.26"]
[Round "-"]
[White "Marc Wakeham"]
[Black "lennart"]
[Result "1-0"]
[WhiteCountry "WLS"]
[BlackCountry "SWE"]
[WhiteElo "1618"]
[WhiteRD "70"]
[BlackElo "1502"]
[BlackRD "54"]
[GameID "319875"]

1. e4 e5 2. Nf3 Nc6 3. d4 exd4 4. c3 dxc3 5. Nxc3 h6 6. Bc4 a6 7. Nd4 Nxd4 8. Qxd4 b6 9. O-O c5 10. Qd5 Rb8
11. Qxf7#
1-0

[Event "quick players"]
[Site "SchemingMind.com"]
[Date "2012.10.26"]
[Round "-"]
[White "Marc Wakeham"]
[Black "The Capitalist"]
[Result "1-0"]
[WhiteCountry "WLS"]
[BlackCountry "USA"]
[WhiteElo "1633"]
[WhiteRD "60"]
[BlackElo "1427"]
[BlackRD "71"]
[GameID "319876"]

1. e4 c5 2. c3 Nf6 3. e5 Nd5 4. d4 cxd4 5. Nf3 e6 6. Bc4 Nc6 7. O-O d6 8. exd6 Bxd6 9. Bxd5 exd5 10. Re1+ Be7
11. Nxd4 Nxd4 12. Qxd4 O-O 13. Bf4
1-0

[Event "quick players"]
[Site "SchemingMind.com"]
[Date "2012.10.25"]
[Round "-"]
[White "Marc Wakeham"]
[Black "Odinson"]
[Result "1-0"]
[WhiteCountry "WLS"]
[BlackCountry "USA"]
[WhiteElo "1633"]
[WhiteRD "60"]
[BlackElo "1678"]
[BlackRD "66"]
[GameID "319877"]

1. e4 d5 2. d4 e6 3. Nc3 Bb4 4. Bd2 Bxc3 5. Bxc3 Ne7 6. e5 O-O 7. Nf3 Nbc6 8. Be2 Nf5 9. O-O a6 10. a3 b5
11. b4 h6 12. Bb2 Bb7 13. c3 Nce7 14. Bc1 Bc6 15. Bf4 Ng6 16. Qd2 Nxf4 17. Qxf4 a5 18. Bd3 axb4 19. axb4 Ne7 20. h3 Ng6
21. Qd2 Qd7 22. Qc2 f5 23. Nd2 Nf4 24. Nb3 Nxd3 25. Qxd3 Rxa1 26. Rxa1 Ra8 27. Rxa8+ Bxa8 28. Nc5 Qe8 29. Qd1 c6 30. Qa1 Kf7
31. Qa7+ Kg8 32. f4 Qc8 33. Qe7 Kh8 34. Nxe6 Qg8 35. Qd7 g5 36. Nd8 g4 37. h4 Qg6 38. e6 Kg8 39. e7
1-0

[Event "quick players"]
[Site "SchemingMind.com"]
[Date "2012.10.25"]
[Round "-"]
[White "Marc Wakeham"]
[Black "ray winteringham"]
[Result "1-0"]
[WhiteCountry "WLS"]
[BlackCountry "ENG"]
[WhiteElo "1633"]
[WhiteRD "60"]
[BlackElo "1468"]
[BlackRD "53"]
[GameID "319879"]

1. e4 e5 2. Nf3 d6 3. d4 exd4 4. Nxd4 Be7 5. Nc3 Bd7 6. Be2 Nf6 7. O-O h6 8. Bf3 c5 9. Nde2 O-O 10. Be3 b5
11. Ng3 b4 12. Nd5 Nc6 13. Nxe7+ Qxe7 14. Re1 a5 15. Nf5 Bxf5 16. exf5 Qc7 17. Bd5 Rad8 18. f3 Nxd5 19. Qxd5 Ne7 20. Qd3 Qd7
21. Red1 Nxf5 22. Bf4 d5 23. Rd2 Nd4 24. Re1 Rfe8 25. Rxe8+ Qxe8 26. Kf2 Qe6 27. Qe3 Qf5 28. Bc7 Ra8 29. Bb6 Qc8 30. Qe7 Ne6
31. Rxd5 g6 32. Bxc5 Nxc5 33. Rxc5 Qb8 34. Rc7 Qb6+ 35. Kg3
1-0

[Event "quick players"]
[Site "SchemingMind.com"]
[Date "2012.10.26"]
[Round "-"]
[White "Steven DuCharme"]
[Black "Marc Wakeham"]
[Result "0-1"]
[WhiteCountry "USA"]
[BlackCountry "WLS"]
[WhiteElo "1520"]
[WhiteRD "55"]
[BlackElo "1633"]
[BlackRD "60"]
[GameID "319880"]

1. Nf3 Nf6 2. d4 g6 3. c4 Bg7 4. Nc3 O-O 5. e4 d6 6. Be2 c5 7. dxc5 dxc5 8. O-O Bg4 9. Be3 b6 10. h3 Bxf3
11. Bxf3 Qxd1 12. Rfxd1 Na6 13. e5 Rad8 14. exf6 Bxf6 15. Rxd8 Rxd8 16. Rd1 Rxd1+ 17. Nxd1 Nc7 18. g4 e6 19. Bb7 Kf8 20. g5 Bg7
21. f4 Ne8 22. a3 Nd6
0-1

[Event "quick players"]
[Site "SchemingMind.com"]
[Date "2012.10.26"]
[Round "-"]
[White "fouche"]
[Black "Marc Wakeham"]
[Result "0-1"]
[WhiteCountry "COL"]
[BlackCountry "WLS"]
[WhiteElo "1608"]
[WhiteRD "65"]
[BlackElo "1633"]
[BlackRD "60"]
[GameID "319881"]

1. d4 Nf6 2. c4 g6 3. Nc3 d5 4. Nf3 dxc4 5. e4 Bg7 6. Bxc4 O-O 7. O-O c5 8. d5 Bg4 9. Re1 Nbd7 10. Re3 Bxf3
11. Rxf3 Ne5 12. Be2 Nxf3+ 13. Bxf3 Nd7 14. Be3 b6 15. Rc1 Ne5 16. Be2 a6 17. f4 Nd7 18. Bf3 b5 19. e5 Rc8 20. h3 c4
21. a3 Nc5 22. Bxc5 Rxc5 23. Qd2 Qb8 24. Ne4 Rcc8 25. d6 Qb6+ 26. Kh2 exd6 27. exd6 Rcd8 28. a4 Rd7 29. axb5 axb5 30. Rd1 Rfd8
31. Qb4 f5 32. Nc3 Bxc3 33. Qxc3 Rxd6 34. Re1 Rd4 35. Re5 b4 36. Qc2 Qc7
0-1

[Event "quick players"]
[Site "SchemingMind.com"]
[Date "2012.10.25"]
[Round "-"]
[White "Phillip Beckett"]
[Black "Marc Wakeham"]
[Result "0-1"]
[WhiteCountry "ENG"]
[BlackCountry "WLS"]
[WhiteElo "1618"]
[WhiteRD "48"]
[BlackElo "1618"]
[BlackRD "70"]
[GameID "319882"]

1. e4 d6 2. d4 Nf6 3. Nc3 g6 4. Nf3 Bg7 5. Be2 O-O 6. h3 c5 7. Be3 cxd4 8. Nxd4 Bd7 9. O-O Nc6 10. Qd2 Nxd4
11. Bxd4 Bc6 12. Kh1 a6 13. f3 Nh5 14. Bxg7 Kxg7 15. Kh2 Qc7 16. Nd5 Bxd5 17. exd5 Kg8 18. g4 Nf6 19. Rfd1 Qb6 20. c4 Rac8
21. b3 Qf2+ 22. Kh1 Nd7 23. Qe1 Qe3 24. Rd3 Qh6 25. Bf1 Ne5 26. Re3 f5 27. f4 Qxf4 28. gxf5 Qxf5 29. Re2 Rf6 30. Bg2 Rcf8
31. Be4 Qxh3+ 32. Kg1 Rf4 33. Rh2 Nf3+
0-1

[Event "quick players"]
[Site "SchemingMind.com"]
[Date "2012.10.26"]
[Round "-"]
[White "lennart"]
[Black "Marc Wakeham"]
[Result "0-1"]
[WhiteCountry "SWE"]
[BlackCountry "WLS"]
[WhiteElo "1502"]
[WhiteRD "54"]
[BlackElo "1618"]
[BlackRD "70"]
[GameID "319883"]

1. e4 d6 2. Nc3 g6 3. h3 Bg7 4. d4 Nf6 5. d5 O-O 6. Nf3 c5 7. e5 dxe5 8. Nxe5 Bf5 9. Bc4 Nbd7 10. Nxd7 Bxd7
11. Be3 b6 12. a3 Re8 13. O-O e6 14. d6 Bc6 15. f3 Qd7 16. b4 Red8 17. b5 Bb7 18. Bf4 Ne8 19. Qd2 Nxd6 20. Ba2 Nf5
21. Qe1 Qd4+ 22. Rf2 Qxc3 23. Qxc3 Bxc3 24. Rb1 Bd4
0-1

[Event "quick players"]
[Site "SchemingMind.com"]
[Date "2012.10.26"]
[Round "-"]
[White "The Capitalist"]
[Black "Marc Wakeham"]
[Result "0-1"]
[WhiteCountry "USA"]
[BlackCountry "WLS"]
[WhiteElo "1427"]
[WhiteRD "71"]
[BlackElo "1633"]
[BlackRD "60"]
[GameID "319884"]

1. e4 d6 2. d4 Nf6 3. Nc3 g6 4. Nf3 Bg7 5. Be2 O-O 6. O-O c5 7. d5 a6 8. a4 Bg4 9. Nd2 Bxe2 10. Qxe2 Nbd7
11. Nc4 Ne8 12. Be3 Ne5
0-1

[Event "quick players"]
[Site "SchemingMind.com"]
[Date "2012.10.26"]
[Round "-"]
[White "Odinson"]
[Black "Marc Wakeham"]
[Result "1-0"]
[WhiteCountry "USA"]
[BlackCountry "WLS"]
[WhiteElo "1678"]
[WhiteRD "66"]
[BlackElo "1633"]
[BlackRD "60"]
[GameID "319885"]

1. e4 d6 2. d4 Nf6 3. Nc3 g6 4. Bc4 Bg7 5. f4 Nxe4 6. Nxe4 d5 7. Bxd5 Qxd5 8. Nc3 Qxg2 9. Qf3 Qxf3 10. Nxf3 Bf5
11. Kd1 c6 12. Nh4 Bg4+ 13. Ke1 Nd7 14. h3 Be6 15. Be3 Nf6 16. Rf1 Nd5 17. Nxd5 Bxd5 18. Rf2 O-O-O 19. b3 Kb8 20. c4 Be6
21. f5 gxf5 22. Nxf5 Bxf5 23. Rxf5 Rdf8 24. Ke2 e6 25. Rg5 Bh6 26. Rg3 Bxe3 27. Kxe3 Kc7 28. Rf1 f5 29. Kf4 Kd6 30. Re3 Rhg8
31. Rfe1 Rf6 32. Re5 h5 33. d5 cxd5 34. cxd5 exd5 35. Rd1 Kc6 36. Rdxd5 Rg2 37. Ra5 a6 38. Rxf5 Rxf5+ 39. Kxf5 Rg3 40. h4 Kb6
41. Re5 Rg2 42. a4 Rg3 43. b4 Rb3 44. Re4 Ra3 45. a5+ Kb5 46. Kg5 Rb3 47. Kxh5 Rd3 48. Kg5 Rg3+ 49. Kf5 Rg1 50. h5 Rf1+
51. Rf4 Rg1 52. h6 b6 53. axb6 Kxb6 54. Kf6 Kb5 55. Kf7 a5 56. bxa5 Kxa5 57. Rh4 Rf1+ 58. Ke6 Re1+ 59. Kd5 Rd1+ 60. Kc6 Rc1+
61. Kb7 Rf1 62. h7 Rf7+ 63. Kc6 Rf6+ 64. Kd7 Rf7+ 65. Ke8
1-0